000 00657nam a2200265Ia 4500
003 OSt
005 20231010153626.0
008 210210b1997 xxu||||| |||| 00| 0 eng d
020 _a81 259 0454 9
040 _cAL
041 _aEnglish
082 _a657.46 MITM
100 _aMITAL (Raj Krishna)
_9137242
245 _aMitals law of income tax
260 _aNew Delhi.
_bVikas Publishing House Pvt Ltd.,
_c1997
300 _avi,465
650 _atax
_9137243
650 _aof
_9137244
650 _aMitals
_9137245
650 _alaw
_9137246
650 _aincome
_9137247
690 _aIncome Tax
_9137248
906 _a052252
942 _2ddc
_cBK
999 _c100534
_d100534